Ekonomi Islam : (Record no. 22730)

MARC details
000 -LEADER
fixed length control field 00760nam a2200265#a 4500
001 - CONTROL NUMBER
control field 01158
003 - CONTROL NUMBER IDENTIFIER
control field HDC
007 - PHYSICAL DESCRIPTION FIXED FIELD--GENERAL INFORMATION
fixed length control field ta
008 - FIXED-LENGTH DATA ELEMENTS--GENERAL INFORMATION
fixed length control field 230623s2023 xx 000 0 eng d
020 ## - INTERNATIONAL STANDARD BOOK NUMBER
International Standard Book Number 983465248 (pbk.).
040 ## - CATALOGING SOURCE
Original cataloging agency HDC
050 ## - LIBRARY OF CONGRESS CALL NUMBER
Classification number BP 173.75
Item number .A53
100 ## - MAIN ENTRY--PERSONAL NAME
Personal name Al-Assal, Ahmad Muhammad
245 #0 - TITLE STATEMENT
Title Ekonomi Islam :
Remainder of title prinsip-prinsip & matlamat /
Statement of responsibility, etc. Dr. Ahmad Muhammad al-Assal, Dr. Fathi Ahmad Abdul Karim
264 ## - PRODUCTION, PUBLICATION, DISTRIBUTION, MANUFACTURE, AND COPYRIGHT NOTICE
Place of production, publication, distribution, manufacture Cheras :
Name of producer, publisher, distributor, manufacturer Serambi Timur,
Date of production, publication, distribution, manufacture, or copyright notice [200?]
300 ## - PHYSICAL DESCRIPTION
Extent 139p. ;
Dimensions 21cm
500 ## - GENERAL NOTE
General note Mengandungi ayat-ayat dari Quran
650 ## - SUBJECT ADDED ENTRY--TOPICAL TERM
Topical term or geographic name entry element Economics
General subdivision Religious aspects
-- Islam
650 ## - SUBJECT ADDED ENTRY--TOPICAL TERM
Topical term or geographic name entry element Islam
General subdivision Economic aspects
700 ## - ADDED ENTRY--PERSONAL NAME
Personal name Abdul Karim, Fathi Ahmad
942 ## - ADDED ENTRY ELEMENTS (KOHA)
Source of classification or shelving scheme Library of Congress Classification
942 ## - ADDED ENTRY ELEMENTS (KOHA)
Koha item type Book
942 ## - ADDED ENTRY ELEMENTS (KOHA)
Call number prefix BP 173.75
942 ## - ADDED ENTRY ELEMENTS (KOHA)
Call number suffix .A53
Holdings
Withdrawn status Lost status Source of classification or shelving scheme Damaged status Not for loan Collection Home library Current library Shelving location Date acquired Total checkouts Full call number Barcode Date last seen Price effective from Koha item type
    Library of Congress Classification     Non-fiction Halal Development Corporation Library Halal Development Corporation Library Open Shelves 17/11/2020   BP 173.75 .A53 HDC 0000647 24/05/2023 24/05/2023 Book
Halal Development Corporation Berhad (HDC)
5.02 Level 5, KPMG Tower, First Avenue, Persiaran Bandar Utama, 47800 Petaling Jaya, Selangor Darul Ehsan
Phone: +603 7965 5489 Email: [email protected]